| 000 | 01116cam a2200313 i 4500 | ||
|---|---|---|---|
| 003 | EG-ScBUE | ||
| 005 | 20240402115703.0 | ||
| 008 | 070903s2008 ii a f 001 0 eng d | ||
| 020 | _a9780415445559 | ||
| 020 | _a0415445558 | ||
| 040 |
_aStDuBDS _beng _erda _cStDuBDS _dUk _dEG-ScBUE _dEG-ScBUE |
||
| 082 | 0 | 4 |
_a954.040924 _bGHO _222 |
| 100 | 1 | 0 |
_aGhosh, Sudhir, _eauthor. |
| 245 | 1 | 0 |
_aGandhi's emissary / _cSudhir Ghosh ; with an introduction by Mridula Mukherjee. |
| 264 | 1 |
_aNew Delhi ; _aAbingdon : _bRoutledge / Taylor & Francis, _c2008. |
|
| 300 |
_axxxiii, 311 pages : _billustrations ; _c22 cm |
||
| 336 |
_2rdacontent _atext _btxt |
||
| 337 |
_aunmediated _2rdamedia _bn |
||
| 338 |
_avolume _bnc _2rdacarrier |
||
| 500 | _aIncludes index. | ||
| 600 | 0 | 7 |
_aGandhi, _cMahatma, _d1869-1948. _2BUEsh _934504 |
| 650 | 7 |
_aPolitical history. _2BUEsh |
|
| 651 | 7 |
_aIndia _xPolitics and government _y20th century. _2BUEsh |
|
| 653 |
_bGGEN _bBUSBOL _cApril2019 |
||
| 655 | _vReading book | ||
| 700 | 1 |
_aMukherjee, Mridula. _eauthor of introduction, etc. |
|
| 942 |
_2ddc _cBB |
||
| 999 |
_c27414 _d27385 |
||